[Event "Olympiad Women 2024"]
[Site "Budapest HUN"]
[Date "2024.09.19"]
[Round "8.49"]
[Board "1"]
[White "Martinez Orozco, Cristiana Yorlene"]
[Black "Laamim, Roaa"]
[Result "0-1"]
[WhiteElo "1761"]
[BlackElo "1879"]
[PlyCount "82"]
[EventDate "2024.09.11"]
[WhiteTeam "Nicaragua"]
[BlackTeam "Morocco"]
[WhiteTeamCountry "NCA"]
[BlackTeamCountry "MAR"]

1. d4 d5 2. c4 e6 3. Nf3 f5 4. Bf4 Bd6 5. Bxd6 Qxd6 6. Nc3 Nf6 7. e3 c6 8. Bd3 O-O 9. Qc2 Ne4 10. O-O Nd7 11. Nd2 ({RR} 11. Rab1 a6 12. b4 b5 13. c5 Qe7 14. a4 e5 15. Ra1 Nxc3 16. Qxc3 e4 17. axb5 exf3 18. gxf3 cxb5 19. Bxb5 Nf6 20. Bd3 f4 21. Kh1 fxe3 22. Rae1 Bh3 23. Rxe3 Qf7 24. Rg1 Rae8 25. Bxa6 Nh5 {0-1 Lazavik,D (2567)-Shubenkova,V (2007) Titled Tue 12th Mar Late 2024 (1)}) 11... Rf6 12. Ne2 Rh6 13. g3 Qe7 $146 ({RR} 13... Ndf6 14. f3 Ng5 15. Rae1 Bd7 16. e4 fxe4 17. fxe4 Ng4 18. c5 Qe7 19. h4 Nh3+ 20. Kh1 Rxh4 21. gxh4 Qxh4 22. Nf3 Nhf2+ 23. Kg2 Qh3+ 24. Kg1 Qxf3 25. Nf4 Qh1# {0-1 Garon,P (2010)-Troubat,M (1890) Aurec Cup 2002 (1)}) 14. Kg2 Qf7 15. Rh1 Ndf6 16. h3 Nxd2 17. Qxd2 Ne4 18. Qc2 Bd7 19. Ng1 Qf6 20. Nf3 Be8 21. Ne5 Bh5 22. Rac1 Qe7 23. c5 Rf8 24. Be2 Bxe2 25. Qxe2 g5 26. f4 Kh8 27. Qf3 Rg8 28. g4 Rg7 29. fxg5 Nxg5 30. Qf4 Rf6 31. Rcf1 Ne4 32. Qh2 Qd8 33. Rf4 Qa5 34. a3 Qd2+ 35. Kf3 Ng5+ 36. Kg3 Qxe3+ 37. Nf3 Ne4+ 38. Rxe4 fxe4 39. Rf1 Rxf3+ 40. Rxf3 Qxf3+ 41. Kh4 Qf6+ 0-1

[Event "Olympiad Women 2024"]
[Site "Budapest HUN"]
[Date "2024.09.19"]
[Round "8.49"]
[Board "2"]
[White "Chemaou lilya"]
[Black "Cabezas Calero, Abigail Carolina"]
[Result "0-1"]
[WhiteElo "1565"]
[BlackElo "1824"]
[PlyCount "64"]
[EventDate "2024.09.11"]
[WhiteTeam "Morocco"]
[BlackTeam "Nicaragua"]
[WhiteTeamCountry "MAR"]
[BlackTeamCountry "NCA"]

1. e4 e6 2. d4 d5 3. Nd2 c5 4. Ngf3 Nc6 5. Bb5 Nf6 6. e5 Nd7 7. c3 Qb6 8. Qa4 Be7 ({RR} 8... a6 9. Bxc6 bxc6 10. O-O a5 11. Re1 Ba6 12. Qc2 cxd4 13. Nxd4 g6 14. N2f3 c5 15. Ne2 Bg7 16. Ng3 O-O 17. h4 d4 18. Bf4 Rab8 19. Rab1 Bc4 20. b3 Bd5 21. Ne4 dxc3 22. Qxc3 Qb4 23. Qe3 {½-½ Upton,T (2245)-Psakhis,L (2585) Ostend op 1993 (2)}) 9. O-O O-O 10. Nb3 Qc7 $146 ({RR} 10... c4 11. Bxc6 bxc6 12. Na5 Nb8 13. b4 cxb3 14. axb3 Bd7 15. b4 Qc7 16. Qc2 Bc8 17. Bg5 h6 18. Bxe7 Qxe7 19. Rfe1 Qc7 20. Re3 Nd7 21. c4 Nb6 22. Nd2 Bd7 23. c5 Nc8 24. f4 Ne7 25. g4 {0-1 Andreev,G (2090)-Kuzakhmedov,R (1989) Zhukovsky op-A 05 2009 (1)}) ({RR} 10... cxd4 11. Bxc6 bxc6 12. Nbxd4 c5 13. Nc6 Bd8 14. Nxd8 Qxd8 15. Bg5 Qc7 16. Be7 Nb6 17. Qh4 Re8 18. Bd6 Qc6 19. b3 Ba6 20. Rfe1 Nc8 21. Be7 Nxe7 22. Qh5 Ng6 23. Ng5 h6 24. Nh3 Rad8 25. g4 {0-1 Kongskov,A (1608)-Caballero,A (1540) Nizami Ganjavi 880 years U17 blitz 2021 (8.8)}) ({RR} 10... c4 11. Nbd2 a6 12. Bxc6 Qxc6 13. Qxc6 bxc6 14. b3 cxb3 15. axb3 f6 16. exf6 gxf6 17. Ba3 c5 18. Rfe1 Kf7 19. Re3 Rb8 20. dxc5 Nxc5 21. b4 Nb7 22. Nd4 Bd7 23. Rae1 e5 24. N4b3 a5 25. Nc5 {0-1 Mamedov,R-Vastrukhin,O (2294) Doroshkevich Memorial op 2008 (1)}) ({RR} 10... c4 11. Bxc6 bxc6 12. Na5 Nb8 13. b4 cxb3 14. axb3 c5 15. dxc5 Bxc5 16. b4 Be7 17. Be3 Qc7 18. Rfc1 Bd7 19. Qb3 Nc6 20. Nxc6 Bxc6 21. Nd4 Bd7 22. f4 Rfb8 23. Ra6 Bc5 24. Rca1 Bb5 25. R6a5 {½-½ Scharrenbroich,A (1883)-Zahn,R (2139) Niederrhein-ch 2006 (1.6)}) 11. Be3 Nb6 12. Qa3 cxd4 13. Nc5 dxe3 14. fxe3 Nxe5 15. b4 Nec4 16. Qc1 Bxc5 17. bxc5 Qxc5 18. Bxc4 Nxc4 19. Re1 Bd7 20. Rb1 Rab8 21. Kf2 Rfc8 22. Qd1 Nd6 23. Ne5 Ne4+ 24. Kg1 Qd6 25. Nxd7 Qxd7 26. Qd4 b6 27. Rb3 Rc4 28. Qe5 Qd6 29. Qxd6 Nxd6 30. Ra3 Rb7 31. Rb1 Rbc7 32. Rbb3 Ne4 0-1

[Event "Olympiad Women 2024"]
[Site "Budapest HUN"]
[Date "2024.09.19"]
[Round "8.49"]
[Board "3"]
[White "Munoz Cortez, Anahi Alexandra"]
[Black "El Harrak, Maryam"]
[Result "1/2-1/2"]
[WhiteElo "1868"]
[BlackElo "1639"]
[PlyCount "100"]
[EventDate "2024.09.11"]
[WhiteTeam "Nicaragua"]
[BlackTeam "Morocco"]
[WhiteTeamCountry "NCA"]
[BlackTeamCountry "MAR"]

1. e4 c6 2. d4 d5 3. exd5 cxd5 4. Bd3 Nc6 5. c3 Nf6 6. h3 g6 7. Nf3 Bg7 8. Bf4 O-O 9. O-O Bf5 10. Bxf5 gxf5 11. Qc1 ({RR} 11. Nbd2 Ne4 12. Re1 e6 13. Nf1 Ne7 14. Ne5 Ng6 15. Bh2 Qb6 16. Nd3 Rac8 17. Ng3 Nxg3 {½-½ Ulybin,M (2540)-Riazantsev,A (2682) Biel MTO op 43rd 2010 (6)}) 11... Kh8 12. Nbd2 ({RR} 12. Bh6 Rg8 13. Bf4 e6 14. Ne5 Nxe5 15. dxe5 Nd7 16. Re1 Rc8 17. Qe3 Qb6 18. Qxb6 Nxb6 19. Na3 Na4 20. Rab1 a6 21. Nc2 b5 22. Nd4 b4 23. cxb4 Rc4 24. Red1 Rxb4 25. Rd2 Nc3 26. Rc1 Rxd4 {0-1 Pelletier,R-Han,J (2333) ch-CAN Youth U18 2024 (1.1)}) 12... Rc8 13. Re1 $146 ({RR} 13. Ne5 Nxd4 14. Re1 Nc6 15. Ndf3 Ne4 16. Nd3 b5 17. Bh6 Rg8 18. Bxg7+ Rxg7 19. Qf4 e6 20. Qe3 Qe7 21. Nd4 Nxd4 22. cxd4 Rcg8 23. Nf4 Qb4 24. b3 Rc8 25. Rac1 Rc3 26. Rxc3 Qxc3 27. Nd3 Qd2 {½-½ Loreth,V (1464)-Mesaros,S (1782) AUT-ch U14 Linz 2013 (1)}) 13... Re8 14. Nf1 Ne4 15. Qe3 f6 16. Nh4 e6 17. Nd2 Nxd2 18. Qxd2 Qd7 19. Bh6 Rg8 20. Re2 e5 21. dxe5 fxe5 22. Rd1 Bf6 23. Nf3 f4 24. Kh2 Rg6 25. Bxf4 exf4 26. Qxd5 Qxd5 27. Rxd5 Rcg8 28. Ne1 Rg5 29. Rd7 Re5 30. Rxe5 Bxe5 31. Nf3 Rg7 32. Rd5 Bc7 33. Rf5 Re7 34. Ng5 Kg7 35. f3 Kg6 36. Rd5 Re5 37. Rd7 Rxg5 38. Rxc7 Rb5 39. b3 a5 40. Rd7 Ne5 41. Rd6+ Kf7 42. c4 Rb4 43. Rd5 Nc6 44. Rf5+ Kg6 45. Rxf4 a4 46. Rg4+ Kf6 47. Rh4 Kg6 48. Rg4+ Kf6 49. Rh4 Kg6 50. Rg4+ Kf6 1/2-1/2

[Event "Olympiad Women 2024"]
[Site "Budapest HUN"]
[Date "2024.09.19"]
[Round "8.49"]
[Board "4"]
[White "El Barbry, Sarah"]
[Black "Alvarez Gutierrez, Patricia"]
[Result "1/2-1/2"]
[WhiteElo "1862"]
[BlackElo "1826"]
[PlyCount "69"]
[EventDate "2024.09.11"]
[WhiteTeam "Morocco"]
[BlackTeam "Nicaragua"]
[WhiteTeamCountry "MAR"]
[BlackTeamCountry "NCA"]

1. e4 c6 2. d4 d5 3. e5 Bf5 4. h4 h6 5. Bd3 Bxd3 6. Qxd3 e6 7. c3 Qb6 ({RR} 7... c5 8. Ne2 Nc6 9. a3 Qb6 10. Nd2 Qa6 11. Qxa6 bxa6 12. b4 cxd4 13. cxd4 Nge7 14. h5 Nc8 15. Rh3 Nb6 16. Rc3 Rc8 17. Ra2 Na4 18. Rcc2 Be7 19. Nb3 Kd7 20. Nc5+ Bxc5 21. bxc5 Rb8 22. Ra1 {0-1 Motylev,A (2642)-Najer,E (2654) Moscow Smyslov Region Group Cup blitz 2021 (4)}) ({RR} 7... c5 8. Nf3 Nc6 9. a3 Qb6 10. O-O c4 11. Qc2 O-O-O 12. Nbd2 Kb8 13. b3 cxb3 14. Nxb3 Rc8 15. Bd2 Nge7 16. Nc5 Qd8 17. Rfb1 b6 18. a4 Ka8 19. Nb3 Nf5 20. Qd3 Nxh4 21. Nxh4 Qxh4 22. a5 {1-0 Bacrot,E (2680)-Velikanov,A (2387) Titled Tue 26th Mar Late 2024 (6)}) 8. Nf3 c5 9. O-O $146 ({RR} 9. a3 Nc6 10. b4 cxb4 11. axb4 Rc8 12. O-O Nge7 13. Nbd2 Nf5 14. Nb3 Be7 15. g3 O-O 16. Nc5 Rc7 17. Qe2 a6 18. Rb1 Bxc5 19. dxc5 Qa7 20. Ra1 Qb8 21. g4 Nfe7 22. Be3 Ng6 23. Bd2 Rd7 {0-1 Danilovic,D-Kostic,M SRB Kadetski festival U14 6th 2012 (6)}) ({RR} 9. b3 cxd4 10. Nxd4 Nc6 11. Nxc6 Qxc6 12. O-O Rc8 13. Bb2 Ne7 14. Ba3 Ng6 15. Bxf8 Kxf8 16. Qg3 Qc7 17. Re1 Ne7 18. Qe3 a6 19. g4 Qc5 20. Qd3 Nc6 21. Nd2 Qe7 22. Nf3 Qa3 23. Qe3 Ne7 {1-0 Morais,F (1671)-Melo,S (1875) Joao Pessoa Caldas Memorial U2000 4th 2018 (7)}) 9... Nc6 10. Nbd2 cxd4 11. cxd4 Rc8 12. a3 a5 13. Nb1 Nge7 14. Nc3 Nf5 15. Nb5 Na7 16. Nxa7 Qxa7 17. Qb5+ Rc6 18. Bd2 a4 19. Rac1 Kd7 20. g4 Ne7 21. Ba5 Qa6 22. Qxa6 Rxa6 23. Bd2 Nc6 24. Rc2 Be7 25. Rfc1 Rc8 26. Kg2 Na7 27. Rxc8 Nxc8 28. g5 h5 29. Ne1 Nb6 30. Nd3 Nc4 31. Bc3 Rb6 32. Rc2 g6 33. Kf1 Bf8 34. Ke2 Be7 35. Kf1 1/2-1/2

[Event "Olympiad Women 2024"]
[Site "Budapest HUN"]
[Date "2024.09.19"]
[Round "8.50"]
[Board "1"]
[White "Fuad Kamel Jamaliah, Natalie"]
[Black "Chen, Chi"]
[Result "1-0"]
[WhiteElo "2003"]
[BlackElo "1746"]
[PlyCount "165"]
[EventDate "2024.09.11"]
[WhiteTeam "Jordan"]
[BlackTeam "Chinese Taipei"]
[WhiteTeamCountry "JOR"]

1. d4 Nf6 2. Bf4 e6 3. e3 d5 4. Nd2 c5 5. c3 Bd6 6. Bg3 Qc7 7. Ngf3 Nbd7 8. Bb5 ({RR} 8. Be2 O-O 9. c4 Bxg3 10. hxg3 dxc4 11. Nxc4 b6 12. Rc1 Bb7 13. O-O Rfd8 14. Qb3 Rac8 15. Rfd1 Qb8 16. Qa3 Bd5 17. Nce5 Nxe5 18. Nxe5 cxd4 19. exd4 Rc7 20. Rc3 Ne4 21. Rxc7 Qxc7 22. Bd3 h6 {½-½ Pakleza,Z (2496)-Artemiev,V (2701) Titled Tue 8th Nov Early 2022 (7)}) 8... O-O 9. Bxd6 ({RR} 9. O-O e5 10. Bxd7 Nxd7 11. e4 exd4 12. cxd4 Bxg3 13. hxg3 cxd4 14. Nxd4 Nf6 15. exd5 Qc5 16. N2f3 Qxd5 17. Re1 Bg4 18. Qa4 a6 19. Re5 Qd7 20. Qb4 Bxf3 21. Nxf3 Rfe8 22. Rc1 {½-½ Hevia,A (2414)-Yim,S (2291) 1000GM Labor Super Swiss 2024 (6.7)}) 9... Qxd6 10. O-O a6 $146 ({RR} 10... e5 11. Bxd7 Nxd7 12. Nb3 cxd4 13. exd4 e4 14. Ne1 b6 15. Nc2 f5 16. f4 Ba6 17. Rf2 Qh6 18. Ne3 Bb7 19. Nd2 g5 20. g3 g4 21. c4 Qe6 22. Rc1 Rac8 23. b3 Nf6 24. Ndf1 h5 25. Rfc2 {1-0 Studnicka,T (2351)-Sudhir,E World Corporate East E rapid 2021 (4.1)}) 11. Bxd7 Nxd7 12. Nb3 c4 13. Nbd2 b5 14. e4 dxe4 15. Nxe4 Qf4 16. Re1 Bb7 17. Qe2 Bxe4 18. Qxe4 Qxe4 19. Rxe4 Nf6 20. Ree1 Rfd8 21. Ne5 Rd6 22. a4 Rdd8 23. Nc6 Re8 24. h3 Nd5 25. axb5 axb5 26. g3 g6 27. Ne5 Kg7 28. Ng4 h5 29. Ne3 Nxe3 30. fxe3 g5 31. e4 f6 32. g4 Kg6 33. Kg2 h4 34. Rad1 Rad8 35. Rf1 Re7 36. Rd2 Red7 37. Rdf2 Rf7 38. Ra1 Rb8 39. Ra6 b4 40. cxb4 Rxb4 41. Rxe6 Kg7 42. d5 Rfb7 43. Rc6 Rxb2 44. Rc7+ Rxc7 45. Rxb2 Kf7 46. Rc2 Ke7 47. Kf3 Kd6 48. Ke3 Ke5 49. Rf2 Rf7 50. Rf5+ Kd6 51. Kd4 Rf8 52. Kxc4 Rc8+ 53. Kd4 Ke7 54. e5 fxe5+ 55. Rxe5+ Kf6 56. Rf5+ Kg6 57. Rf3 Ra8 58. Ke5 Ra5 59. Ke6 Ra2 60. d6 Re2+ 61. Kd5 Rd2+ 62. Kc6 Rc2+ 63. Kb7 Rd2 64. Kc7 Rc2+ 65. Kd8 Rd2 66. d7 Rd1 67. Rc3 Ra1 68. Kc7 Ra7+ 69. Kd6 Ra1 70. d8=Q Rd1+ 71. Kc7 Rxd8 72. Kxd8 Kh6 73. Rf3 Kg6 74. Ke7 Kg7 75. Rf6 Kg8 76. Ke6 Kg7 77. Kf5 Kh7 78. Kxg5 Kg7 79. Ra6 Kh7 80. Ra7+ Kg8 81. Kf6 Kh8 82. Kg6 Kg8 83. Ra8# 1-0

[Event "Olympiad Women 2024"]
[Site "Budapest HUN"]
[Date "2024.09.19"]
[Round "8.50"]
[Board "2"]
[White "Shih, Ching-An"]
[Black "Serina Arafat"]
[Result "1-0"]
[WhiteElo "1734"]
[BlackElo "1552"]
[PlyCount "93"]
[EventDate "2024.09.11"]
[WhiteTeam "Chinese Taipei"]
[BlackTeam "Jordan"]
[BlackTeamCountry "JOR"]

1. Nf3 d5 2. g3 Nf6 3. Bg2 Bg4 4. d3 e6 5. O-O Bd6 6. Nbd2 Nbd7 ({RR} 6... O-O 7. e4 dxe4 8. dxe4 e5 9. h3 Bh5 10. Qe2 Qe7 11. c3 Na6 12. Nc4 Bg6 13. Nh4 Rfd8 14. Ne3 Nc5 15. Nef5 Qf8 16. b4 Ne6 17. Be3 c5 18. b5 Bc7 19. Qc4 Nd7 20. a4 Nb6 21. Qe2 {½-½ Shtompel,Y (1933)-Mika,T (2169) Titled Tue 30th May Early 2023 (6)}) 7. c4 c6 8. a3 Rc8 $146 ({RR} 8... O-O 9. b4 Re8 10. c5 Bc7 11. d4 e5 12. dxe5 Nxe5 13. Nd4 Ng6 14. h3 Be5 15. N2f3 Bxf3 16. Bxf3 Nf8 17. Bb2 Qd7 18. Bg2 Ne6 19. e3 Nxd4 20. Bxd4 Bxd4 21. Qxd4 Qe6 22. Rad1 Qe5 23. a4 {1-0 Mikhailov,P-Nagimov,A Meleuz op 2006 (9)}) 9. b4 Bb8 10. Bb2 O-O 11. Rc1 Re8 12. e4 dxe4 13. dxe4 h6 14. Qc2 Bh5 15. Rfe1 c5 16. e5 Nh7 17. b5 b6 18. Nh4 g5 19. Nhf3 Bg6 20. Qb3 Qe7 21. h3 Rcd8 22. Nf1 Ndf8 23. Rcd1 Rxd1 24. Rxd1 Rd8 25. Ne3 Rxd1+ 26. Qxd1 Qd7 27. Qc1 Bh5 28. Nh2 Qd3 29. Nhg4 Bxg4 30. Nxg4 Kg7 31. Bf1 Qe4 32. Qd1 Qb7 33. Bg2 Qc7 34. Bc3 Qd7 35. Qf3 Qd8 36. Qe2 Nd7 37. Bc6 Qc7 38. Qd3 Ndf8 39. h4 Qe7 40. h5 Qc7 41. f4 gxf4 42. gxf4 a6 43. Qg3 Ng6 44. hxg6 fxg6 45. Qh4 h5 46. Nf6 axb5 47. Ne8+ 1-0

[Event "Olympiad Women 2024"]
[Site "Budapest HUN"]
[Date "2024.09.19"]
[Round "8.50"]
[Board "3"]
[White "Jeda Helal"]
[Black "Chen, I-Chen"]
[Result "1/2-1/2"]
[WhiteElo "1569"]
[BlackElo "1771"]
[PlyCount "81"]
[EventDate "2024.09.11"]
[WhiteTeam "Jordan"]
[BlackTeam "Chinese Taipei"]
[WhiteTeamCountry "JOR"]

1. e4 c6 2. d4 d5 3. exd5 cxd5 4. Bd3 Nf6 5. c3 Nc6 6. Bf4 g6 7. Nd2 Bg7 8. Ngf3 O-O 9. O-O Nh5 10. Be3 Qc7 11. Re1 e5 12. dxe5 Nxe5 13. Nxe5 Bxe5 14. Nf3 Bg7 15. Nd4 $146 ({RR} 15. h3 b6 16. Qd2 Bb7 17. Bh6 Rfe8 18. Bxg7 Kxg7 19. Nd4 a6 20. Re3 Nf4 21. Bc2 Re5 22. Rae1 Rae8 23. Ba4 b5 24. Bd1 Qd6 25. a4 bxa4 26. Bxa4 R8e7 27. Bc2 Qf6 28. Rxe5 Rxe5 29. Rxe5 Qxe5 {½-½ Nagy,S (2040)-Kantor,J (1977) HUN-chT2 Barcza 0910 2009 (5.8)}) 15... a6 16. Qf3 Nf6 17. h3 Be6 18. Bg5 Nd7 19. Bf4 Qb6 20. Nb3 Rac8 21. Qg3 Rfe8 22. h4 Nf6 23. Be5 Ne4 24. Bxe4 Bxe5 25. Qxe5 dxe4 26. Qxe4 Bxb3 27. Qxe8+ Rxe8 28. Rxe8+ Kg7 29. axb3 Qxb3 30. Rb1 Qc2 31. Ree1 a5 32. g3 b5 33. Rec1 Qb3 34. c4 bxc4 35. Rc3 Qb4 36. Rbc1 Qxb2 37. Rxc4 a4 38. R4c2 Qb3 39. Rc3 Qb2 40. R3c2 Qb3 41. Rc3 1/2-1/2

[Event "Olympiad Women 2024"]
[Site "Budapest HUN"]
[Date "2024.09.19"]
[Round "8.50"]
[Board "4"]
[White "Tsai, Sophie Yi-Hsuan"]
[Black "Ruba Al-Qudah"]
[Result "0-1"]
[WhiteElo "1668"]
[BlackElo "1937"]
[PlyCount "76"]
[EventDate "2024.09.11"]
[WhiteTeam "Chinese Taipei"]
[BlackTeam "Jordan"]
[BlackTeamCountry "JOR"]

1. d4 Nf6 2. c4 g6 3. Nc3 Bg7 4. e4 O-O 5. Be3 d6 6. h3 e5 7. d5 a5 8. Be2 Na6 9. Nf3 Nc5 10. Nd2 Ne8 11. g4 f5 12. Qc2 ({RR} 12. gxf5 gxf5 13. Rg1 Kh8 14. a3 Nf6 15. Qc2 Nfxe4 16. Ndxe4 fxe4 17. Bxc5 dxc5 18. Nxe4 Bf5 19. O-O-O Bxe4 20. Qxe4 Rf4 21. Qc2 e4 22. Rg4 Rxg4 23. Bxg4 Qf6 24. Re1 h5 25. Be6 Ra6 26. Re2 Rb6 {½-½ Grischuk,A (2745)-Amin,B (2682) World Rapid 2022 (10.8)}) 12... Na6 13. gxf5 gxf5 14. f3 ({RR} 14. exf5 Bxf5 15. Nde4 Nf6 16. Nxf6+ Qxf6 17. Qd2 Nc5 18. O-O-O Ne4 19. Nxe4 Bxe4 20. Rhg1 Kh8 21. Rg3 Bg6 22. Bd3 Bxd3 23. Qxd3 Bh6 24. Rdg1 Rg8 25. Rxg8+ Rxg8 26. Rxg8+ Kxg8 27. Kc2 Bxe3 28. Qxe3 Qf5+ {0-1 Schmakel,S (2442)-Bognar,C (2118) Titled Tue 30th Jul Early 2024 (1)}) 14... fxe4 $146 ({RR} 14... Nb4 15. Qb3 c6 16. O-O-O cxd5 17. cxd5 Bd7 18. Kb1 Na6 19. Nc4 b5 20. Nb6 a4 21. Qc2 Rb8 22. Nxd7 Qxd7 23. Rc1 Nc5 24. Nd1 Rc8 25. Bxc5 dxc5 26. Ne3 Nd6 27. Nxf5 Nxf5 28. exf5 c4 29. Rhg1 {½-½ Rajkovic,D-Jovanovic,V (2040) YUG-chT Cetinje 1991 (2)}) 15. Ncxe4 Bf5 16. O-O-O c6 17. Qb3 cxd5 18. cxd5 a4 19. Qa3 Rc8+ 20. Kb1 Nf6 21. Ka1 Kh8 22. Nxd6 Nxd5 23. Bxa6 Nxe3 24. Qxe3 Qxd6 25. Bxb7 a3 26. Be4 axb2+ 27. Kb1 Bh6 28. Qe2 Rc1+ 29. Rxc1 bxc1=Q+ 30. Kxc1 Bxe4 31. fxe4 Rc8+ 32. Kd1 Qd4 33. Qg2 Bxd2 34. Qxd2 Qa1+ 35. Ke2 Qxh1 36. Qd5 Rc2+ 37. Kd3 Qd1+ 38. Ke3 Qe2# 0-1

[Event "Olympiad Women 2024"]
[Site "Budapest HUN"]
[Date "2024.09.19"]
[Round "8.51"]
[Board "1"]
[White "Feng, Eunice"]
[Black "Amoko, Ivy Claire"]
[Result "1-0"]
[WhiteElo "1974"]
[BlackElo "1820"]
[PlyCount "71"]
[EventDate "2024.09.11"]
[WhiteTeam "Hong Kong, China"]
[BlackTeam "Uganda"]
[BlackTeamCountry "UGA"]

1. e4 e5 2. Nf3 Nc6 3. Bc4 Bc5 4. c3 Nf6 5. d3 a6 6. O-O Ba7 7. Nbd2 d6 8. Bb3 Qe7 9. Re1 O-O ({RR} 9... Ng4 10. Re2 f5 11. exf5 Bxf5 12. Ne4 O-O-O 13. Bg5 Nf6 14. Bd5 h6 15. Bxf6 gxf6 16. Nh4 Bg4 17. Ng6 Qg7 18. Nxh8 Rxh8 19. Bxc6 bxc6 20. Kh1 Bxe2 21. Qxe2 f5 22. Nd2 Rg8 23. g3 Qf7 24. d4 {1-0 Degraeve,J (2464)-Bressac,S (2277) TCh-FRA Top 16 Haute 2024 (3.7)}) 10. h3 h6 11. Nf1 Be6 $146 ({RR} 11... Nh5 12. d4 Nf4 13. Bxf4 exf4 14. Qd2 g5 15. e5 Bf5 16. Bc2 Qd7 17. exd6 Bxc2 18. Qxc2 cxd6 19. d5 Ne7 20. Rad1 Rae8 21. N1d2 Kg7 22. c4 Ng6 23. Nb3 Rxe1+ 24. Rxe1 Re8 25. Qc3+ f6 26. Nbd4 {1-0 Latorre,V (1949)-Bluvshtein,I (2034) Quebec op Laval 2022 (7)}) 12. Ng3 Kh7 13. Bc2 Ng8 14. d4 Bd7 15. Be3 g6 16. Qd2 Rad8 17. Rad1 Qf6 18. Nh2 Qh4 19. a4 Bc8 20. Qc1 Nce7 21. Nf3 Qf6 22. dxe5 Bxe3 23. exf6 Bxc1 24. fxe7 Nxe7 25. Rxc1 Kg7 26. e5 d5 27. Nd4 c5 28. Nb3 b6 29. a5 c4 30. Nd4 b5 31. f4 f6 32. exf6+ Kxf6 33. Re5 Rd6 34. Rce1 Re8 35. f5 g5 36. Nh5+ 1-0

[Event "Olympiad Women 2024"]
[Site "Budapest HUN"]
[Date "2024.09.19"]
[Round "8.51"]
[Board "2"]
[White "Sana Omprakash Kayyar"]
[Black "Leung, Hoi Ting"]
[Result "1-0"]
[WhiteElo "1937"]
[BlackElo "1619"]
[PlyCount "93"]
[EventDate "2024.09.11"]
[WhiteTeam "Uganda"]
[BlackTeam "Hong Kong, China"]
[WhiteTeamCountry "UGA"]

1. d4 Nf6 2. Nf3 e6 3. c4 d5 4. g3 c5 5. cxd5 exd5 6. Bg2 Nc6 7. O-O cxd4 8. Nxd4 Nxd4 ({RR} 8... Be7 9. Nxc6 bxc6 10. Qc2 Bd7 11. b3 O-O 12. Bb2 Re8 13. Nc3 Qc8 14. e4 Bh3 15. exd5 Bxg2 16. Kxg2 cxd5 17. Qd3 Qc6 18. Qb5 Qe6 19. Rad1 Rab8 20. Qd3 Bf8 21. Qf3 Rbc8 22. Rd3 Ne4 23. Re1 {1-0 Ivanisevic,I (2530)-Kostic,V (2405) YUG-chT 52nd 2000 (3)}) ({RR} 8... Bd6 9. Nc3 Be5 10. Nb3 O-O 11. Nxd5 Nxd5 12. Bxd5 Qf6 13. f4 Bxb2 14. Bxb2 Qxb2 15. e4 a5 16. Rf2 Qf6 17. e5 Qg6 18. Qf3 Bf5 19. Nc5 Rac8 20. Bxc6 Rxc6 21. Nxb7 Bg4 22. f5 Bxf3 23. fxg6 {1-0 Faizrakhmanov,R (2461)-Miljakin,V (2209) Moscow op-A 18th 2022 (7)}) 9. Qxd4 Qb6 $146 ({RR} 9... Be7 10. Nc3 Be6 11. Qa4+ Bd7 12. Qb3 Bc6 13. Rd1 Qa5 14. Nxd5 Nxd5 15. Bxd5 Ba4 16. Qxb7 Bxd1 17. Qxa8+ Kd7 18. Qc6+ Kd8 19. Bf4 Ba4 20. Qa8+ Kd7 21. Qb7+ Kd8 22. Rc1 {1-0 Aijala,J (2172)-Alkkiomaki,J (2040) Vantaa We EtVaS 2010 (2)}) ({RR} 9... Be7 10. Nc3 Be6 11. Rd1 O-O 12. Bxd5 Nxd5 13. Nxd5 Bxd5 14. Qxd5 Qb6 15. Be3 Qa6 16. Qd3 Qf6 17. Qe4 Rfe8 18. Qxb7 Rab8 19. Qxa7 Qxb2 20. Bd4 Qb5 21. a4 Qf5 22. e3 h5 23. Qc7 Qg6 24. Rdc1 {1-0 Gandrud,V (2124)-Reppen,E (1917) Knut Bockman Cup 2009 (3)}) ({RR} 9... Be6 10. b3 b6 11. Bb2 Rc8 12. Nc3 Bc5 13. Qa4+ Qd7 14. Qxd7+ Nxd7 15. Nxd5 O-O 16. Rfd1 Rfe8 17. Nf4 Nf8 18. Bf3 Bf5 19. h4 Ne6 20. Nd5 Nc7 21. Nc3 Bb4 22. Rac1 Bxc3 23. Rxc3 Nb5 24. Rxc8 {1-0 Wittenberg,A (2129)-Niemann,S (1748) Dresden ZMD op 2009 (2)}) 10. Qxb6 axb6 11. Nc3 Be6 12. Rd1 Rd8 13. Bf4 Bc5 14. Rac1 O-O 15. Na4 Ra8 16. Nxc5 bxc5 17. Rxc5 Rxa2 18. Rb5 d4 19. h3 Bc4 20. Rxb7 Bxe2 21. Rxd4 Re8 22. Bg5 Ra1+ 23. Kh2 Bh5 24. b4 h6 25. Be3 Ra2 26. Rd2 Rxd2 27. Bxd2 Re2 28. Be3 Bg6 29. b5 Ne4 30. Bf3 Rb2 31. Rb8+ Kh7 32. Kg2 Nc3 33. b6 Be4 34. Bd4 Bxf3+ 35. Kxf3 Rb3 36. Bxc3 Rxc3+ 37. Ke4 Kg6 38. Rd8 Rb3 39. Rd6+ f6 40. Kd5 Kf5 41. Kc6 Rb2 42. b7 Ke4 43. Kc7 Kf3 44. Rb6 Rxb6 45. Kxb6 Kxf2 46. b8=Q Kg2 47. h4 1-0

[Event "Olympiad Women 2024"]
[Site "Budapest HUN"]
[Date "2024.09.19"]
[Round "8.51"]
[Board "3"]
[White "Liu, Tian Yi"]
[Black "Kawuma Patricia"]
[Result "1-0"]
[WhiteElo "1607"]
[BlackElo "1839"]
[PlyCount "107"]
[EventDate "2024.09.11"]
[WhiteTeam "Hong Kong, China"]
[BlackTeam "Uganda"]
[BlackTeamCountry "UGA"]

1. e4 e5 2. Nf3 Nc6 3. Bc4 Bc5 4. c3 d6 5. d4 exd4 6. cxd4 Bb4+ 7. Nc3 h6 8. O-O ({RR} 8. Qb3 Bxc3+ 9. bxc3 Qe7 10. O-O Nf6 11. e5 dxe5 12. Ba3 Qd7 13. Nxe5 Nxe5 14. dxe5 Ne4 15. Rad1 Qf5 16. Bxf7+ Qxf7 17. Rd8+ {1-0 Andriasian,Z (2585)-Litwiniec,M (1847) EU-ch rapid Warsaw 2010 (1)}) 8... Bxc3 9. bxc3 Nge7 ({RR} 9... Nf6 10. Re1 O-O 11. h3 d5 12. exd5 Nxd5 13. Ba3 Nde7 14. Ne5 Nxe5 15. Rxe5 Be6 16. d5 Ng6 17. Re3 Bd7 18. Bxf8 Qxf8 19. Qd4 Qd6 20. Rg3 Re8 21. Re3 Rxe3 22. Qxe3 Nf4 23. Rd1 c6 24. Rd4 {1-0 Yin,Z (1832)-Chertkow,M (1694) Canadian Open 2024 (9.47)}) 10. Ba3 $146 ({RR} 10. Re1 O-O 11. Bb2 Rb8 12. a4 Bg4 13. h3 Bh5 14. Bf1 a5 15. g4 Bg6 16. d5 Ne5 17. Nd2 Nd7 18. c4 Nc5 19. e5 Nd3 20. Bxd3 Bxd3 21. Qf3 Bh7 22. Qc3 f6 23. exf6 Rxf6 24. Re6 Rf7 {1-0 Cubas,J (2413)-Ikeda,V (1927) Matinhos Caioba-ch 2015 (1)}) ({RR} 10. Rb1 O-O 11. Be3 a6 12. Qd2 Ng6 13. a4 Na5 14. Ba2 Qe8 15. Bxh6 Qxe4 16. Rfe1 Qg4 17. Bg5 Bd7 18. Rb4 Rae8 19. Rxe8 Rxe8 20. h3 Qh5 21. Kh2 Bxh3 22. gxh3 Qxf3 23. Rb2 d5 24. Qc1 b6 {0-1 Volkhausen,T-Bahr,E Lippstadt Turm op 1999 (1)}) ({RR} 10. h3 O-O 11. Re1 Ng6 12. a4 Nh4 13. Nxh4 Qxh4 14. Qf3 Bd7 15. a5 a6 16. Bd2 Rae8 17. Bd3 g5 18. Reb1 Nd8 19. Rb4 g4 20. hxg4 Re6 21. e5 c5 22. Rb6 dxe5 23. Qf5 {1-0 Kohanov,B (2028)-Drozdov,A PriFR-ch Seniors 2007 (2)}) 10... O-O 11. Re1 Bg4 12. Qd3 Re8 13. d5 Ne5 14. Nxe5 dxe5 15. Qg3 Bd7 16. Qxe5 Ng6 17. Qg3 Ne5 18. Be2 Rc8 19. Bc5 Qg5 20. f4 Qxg3 21. hxg3 Ng4 22. Bf3 h5 23. e5 b6 24. Ba3 Bf5 25. c4 g6 26. Rac1 Kh7 27. c5 bxc5 28. Rxc5 Nf6 29. Kf2 Nd7 30. Rc6 Nb6 31. Rec1 Rcd8 32. Rxc7 Nxd5 33. Rxf7+ Kg8 34. Rxa7 g5 35. Bxh5 gxf4 36. Bf7+ Kg7 37. Bxd5+ Kh6 38. Bd6 fxg3+ 39. Kxg3 Be6 40. Rh1+ Kg5 41. Bxe6 Rxe6 42. Be7+ Rxe7 43. Rxe7 Rd3+ 44. Kf2 Rd2+ 45. Ke3 Rxa2 46. Rg7+ Kf5 47. Rh5+ Ke6 48. Rg6+ Kd5 49. e6+ Kd6 50. Rh7 Ra1 51. e7+ Kd5 52. Kf4 Ra4+ 53. Kf5 Ra8 54. Re6 1-0